Taylor Swift: Call It What You Want lyrics - Statistics

General Stats
  • This quiz has been taken 2,325 times
  • The average score is 325 of 393
Answer Stats
Answer % Correct
a
99%
I
99%
My
99%
my
99%
to
98%
call
97%
it
97%
the
97%
when
97%
he
96%
what
96%
you
96%
me
95%
on
95%
want
95%
but
93%
like
93%
his
92%
i'm
92%
'cause
91%
one
90%
yeah
90%
so
89%
with
89%
baby's
87%
know
87%
they
87%
walking
87%
daydream
86%
he's
86%
not
86%
than
86%
head
85%
down
84%
knife
82%
all
81%
brought
81%
castle
81%
ever
81%
it's
81%
crumbled
79%
for
79%
gunfight
79%
jet
79%
overnight
79%
brand
78%
fit
78%
fly
78%
loves
78%
new
78%
neck
77%
was
77%
wear
77%
because
76%
chain
76%
'round
76%
alright
75%
are
75%
better
75%
doing
75%
owns
75%
stream
74%
took
74%
calling
73%
crown
73%
from
73%
high
73%
initial
73%
liars
73%
months
73%
knows
72%
really
72%
whole
72%
heard
71%
above
70%
nobody's
70%
scene
70%
at
69%
him
68%
as
67%
right
67%
up
67%
and
66%
did
66%
just
65%
thing
65%
is
64%
built
63%
fire
62%
keep
62%
look
61%
warm
61%
say
60%
can
59%
more
59%
kings
57%
least
57%
back
56%
jokers
56%
lover
56%
make
56%
mistakes
56%
nothing
56%
same
56%
storm
56%
which
56%
never
55%
time
55%
burn
54%
dressing
54%
every
54%
grew
54%
bridges
53%
brother
53%
fade
53%
flowers
53%
night
53%
thorns
53%
laughing
52%
learn
52%
queens
52%
taking
52%
after
51%
November
51%
under
51%
windows
51%
away
50%
drama
50%
recall
50%
run
50%
swings
50%
trust
49%
holding
48%
making
48%
don't
47%
would
47%
darkest
46%
late
46%
boarded
45%
covers
45%
save
43%
forts
42%
said
42%
eyes
41%
need
41%
breath
40%
slowly
39%
starry
39%
sparking
35%
yes
26%
No matching quizzes found
Score Distribution
Percent of People with Each Score
Percentile by Number Answered
Your Score History
You have not taken this quiz